[Event "45th Olympiad 2024"]
[Site "Budapest HUN"]
[Date "2024.09.20"]
[Round "9.81"]
[Board "1"]
[White "Kim, Sanker"]
[Black "Gontcharov, Serguei"]
[Result "1/2-1/2"]
[WhiteElo "1564"]
[BlackElo "1927"]
[PlyCount "97"]
[EventDate "2024.09.11"]
[WhiteTeam "Cambodia"]
[BlackTeam "Bermuda"]
[WhiteTeamCountry "CMB"]
[BlackTeamCountry "BER"]

1. e4 c5 2. a3 g6 3. b4 Bg7 4. Nc3 b6 5. bxc5 bxc5 6. Rb1 Nc6 7. Nf3 Nf6 8. g3 $146 ({RR} 8. Bb5 Nd4 9. e5 Nh5 10. Bc4 O-O 11. O-O d6 12. exd6 Bg4 13. Bd5 Qxd6 14. h3 Nxf3+ 15. Bxf3 Bxf3 16. Qxf3 Rab8 17. Ne4 Qd5 18. Rxb8 Rxb8 19. d3 f5 20. Ng5 Qxf3 21. Nxf3 Rb1 22. Be3 Rb2 {1-0 Andreikin,D (2729)-Ashraf,A (2314) Titled Tue 25th Apr Late 2023 (4)}) ({RR} 8. Bc4 O-O 9. O-O d6 10. d3 Bg4 11. h3 Bxf3 12. Qxf3 Ne5 13. Qe2 Nxc4 14. dxc4 Rb8 15. Rb3 Qa5 16. Nd5 Nxd5 17. exd5 Bf6 18. g4 Rxb3 19. cxb3 Qc3 20. Qe3 Rb8 21. g5 Be5 22. Re1 Qxb3 {0-1 Smith,G (2047)-Pires,M (2253) Titled Tue 28th Mar Late 2023 (9)}) ({RR} 8. Bc4 O-O 9. d3 Nd4 10. Nxd4 cxd4 11. Ne2 d5 12. exd5 Nxd5 13. O-O Nb6 14. Bb3 Bb7 15. Ng3 h6 16. Re1 Kh7 17. a4 Bc6 18. Ba3 Nd5 19. Qd2 Re8 20. Ne4 Qd7 21. h3 Rab8 22. a5 Qc7 {0-1 Smith,G (2047)-Trost,E (2364) Titled Tue 21st Feb Late 2023 (2)}) 8... O-O 9. Bg2 Ba6 10. d3 Qa5 11. Bd2 Rfb8 12. Nb5 Qd8 13. a4 Bb7 14. c4 a6 15. Nc3 Nb4 16. Qe2 Nc2+ 17. Kf1 Nd4 18. Nxd4 cxd4 19. Nd1 Bxe4 20. Rxb8 Bxg2+ 21. Kxg2 Rxb8 22. Re1 e6 23. Bf4 d6 24. Qa2 e5 25. Bd2 Qb6 26. f3 Nd7 27. Nf2 Nc5 28. Ra1 Qb3 29. Qa3 Qxa3 30. Rxa3 Rb2 31. Ba5 Bh6 32. f4 exf4 33. g4 Bg7 34. Bc7 Be5 35. Kf3 Rb4 36. a5 Rb2 37. h4 Kf8 38. g5 Ke7 39. Ng4 f6 40. gxf6+ Bxf6 41. Nxf6 Kxf6 42. Bxd6 Ne6 43. Ra4 h6 44. c5 Rc2 45. Bxf4 Nxf4 46. Kxf4 Rxc5 47. Rxd4 Rf5+ 48. Ke4 Re5+ 49. Kf4 1/2-1/2

[Event "45th Olympiad 2024"]
[Site "Budapest HUN"]
[Date "2024.09.20"]
[Round "9.81"]
[Board "2"]
[White "Dacres, Don"]
[Black "El, Rozak"]
[Result "0-1"]
[WhiteElo "1863"]
[BlackElo "1514"]
[PlyCount "108"]
[EventDate "2024.09.11"]
[WhiteTeam "Bermuda"]
[BlackTeam "Cambodia"]
[WhiteTeamCountry "BER"]
[BlackTeamCountry "CMB"]

1. c4 d6 2. g3 Nf6 3. Bg2 g6 4. Nc3 Bg7 5. Nf3 O-O 6. O-O c6 7. e4 Bg4 8. h3 Bd7 ({RR} 8... Bxf3 9. Bxf3 Qc8 10. Bg2 c5 11. d3 Nc6 12. f4 a6 13. Be3 Rb8 14. a4 Nd7 15. Kh1 Bd4 16. Bd2 Bg7 17. Be3 Bd4 18. Bd2 Bg7 19. Rb1 Nd4 20. Be3 Qd8 21. g4 e6 22. g5 f5 23. Kg1 {0-1 Chernin,A (2580)-Henley,R (2505) World op act rapid 1989 (11)}) ({RR} 8... Bxf3 9. Qxf3 e5 10. Rd1 Qc7 11. d3 c5 12. Bg5 Nbd7 13. Qe3 Rfe8 14. Bh6 Nf8 15. Bxg7 Kxg7 16. Qf3 Ne6 17. Rac1 Qd7 18. Re1 h6 19. h4 Nd4 20. Qe3 h5 21. f3 a6 22. Ne2 Nc6 23. a3 {0-1 Taylor,G-Sharma,R (1382) GUY-ch Providence 2022 (7)}) 9. d4 h6 $146 ({RR} 9... Qc7 10. Be3 e5 11. dxe5 dxe5 12. Qe2 Be6 13. Ng5 Bd7 14. Bc5 Re8 15. Rfd1 b6 16. Bd6 Qc8 17. Kh2 Na6 18. Nf3 Nh5 19. b4 Nc7 20. Qd3 Na6 21. b5 cxb5 22. cxb5 Nc5 23. Bxc5 Qxc5 24. Qxd7 {½-½ Marchesotti,G (1486)-Invernizzi,F (1636) Milan SSM op 07 2014 (4)}) 10. Be3 Re8 11. e5 Nh7 12. Qd2 g5 13. g4 f5 14. exf6 exf6 15. Qc2 Qe7 16. Rfe1 Qf7 17. Bf1 Na6 18. Bd3 Nf8 19. a3 Nc7 20. Ne4 Qe7 21. Ng3 Qf7 22. Nf5 Bxf5 23. Bxf5 Re7 24. Bd2 Rae8 25. Rxe7 Rxe7 26. Re1 Rxe1+ 27. Bxe1 Nce6 28. Bd2 Qc7 29. Qe4 Kf7 30. Ne1 Qe7 31. Nd3 Nc7 32. Qf3 Ng6 33. Bxg6+ Kxg6 34. Qf5+ Kf7 35. Kf1 Qe6 36. Qa5 Na6 37. Qa4 Qe4 38. Qc2 Qh1+ 39. Ke2 Qxh3 40. f3 Nc7 41. Nf2 Qh2 42. Qf5 Ne6 43. Be3 d5 44. cxd5 cxd5 45. Qxd5 Qc7 46. Qb3 Qe7 47. d5 Nd4+ 48. Kd3 Nxb3 49. Ne4 b6 50. Kc2 Na5 51. Bd4 Nb7 52. b4 Qd7 53. Nc3 f5 54. Bxg7 Kxg7 0-1

[Event "45th Olympiad 2024"]
[Site "Budapest HUN"]
[Date "2024.09.20"]
[Round "9.82"]
[Board "2"]
[White "Tran, Tuan An"]
[Black "Roberts, Gennard"]
[Result "1-0"]
[WhiteElo "1916"]
[BlackElo "1582"]
[PlyCount "71"]
[EventDate "2024.09.11"]
[WhiteTeam "Guam"]
[BlackTeam "Grenada"]
[WhiteTeamCountry "GMA"]
[BlackTeamCountry "GRA"]

1. e4 c5 2. c3 d5 3. exd5 Qxd5 4. d4 Nf6 5. Nf3 e6 6. Na3 Nc6 7. Bd3 ({RR} 7. Bc4 Qd8 8. Nc2 Qc7 9. Qe2 Be7 10. Be3 b6 11. dxc5 bxc5 12. O-O O-O 13. Bg5 Rb8 14. Ne3 Nh5 15. Bxe7 Nxe7 16. b3 Nf4 17. Qc2 Bb7 18. Ne1 Rbd8 19. h4 Neg6 20. g3 Nxh4 21. f3 Nd5 {0-1 Song,M (2424)-Gledura,B (2652) Foxwoods op 14th 2022 (2)}) 7... cxd4 8. Nb5 Qd8 9. Nbxd4 Be7 $146 ({RR} 9... Bd7 10. O-O Be7 11. Re1 O-O 12. Bc2 a6 13. Qd3 Qc7 14. Bg5 g6 15. Nxc6 Bxc6 16. Ne5 Rfd8 17. Qh3 Be8 18. Qf3 Nh5 19. Bxe7 Qxe7 20. Rad1 Rab8 21. Qe3 Rbc8 22. Be4 f6 23. Rxd8 Qxd8 24. Nd3 {½-½ Roeder,G-Polster,W Bundesliga 1984/85 (8.8)}) ({RR} 9... Nxd4 10. Nxd4 a6 11. O-O Qc7 12. Qf3 Bd6 13. h3 Bd7 14. Bg5 Be5 15. Rfe1 Bxd4 16. cxd4 Bc6 17. Qe3 Qa5 18. Bc4 Qf5 19. Bxf6 gxf6 20. d5 Bxd5 21. Bxd5 Qxd5 22. Rad1 Qg5 23. Qa3 f5 24. Qa4+ {0-1 Roberts,P-Solin,N Hallsberg op U18 1991}) ({RR} 9... Bd7 10. O-O Be7 11. Qe2 O-O 12. Rd1 Qc7 13. Bg5 h6 14. Bh4 Nh5 15. Nb5 Qd8 16. Bc2 Bxh4 17. Qd3 Bxf2+ 18. Kxf2 Qb6+ 19. Kf1 g6 20. Qxd7 Qxb5+ 21. Bd3 Qxb2 22. Rab1 Qxc3 23. Rbc1 Qg7 24. Qxb7 {0-1 Perez Pietronave,C (2255)-Aguila,G (2320) Buenos Aires tt 1996 (4)}) 10. O-O O-O 11. Qe2 a6 12. Rd1 Qc7 13. Bg5 h6 14. Bh4 Rd8 15. Rac1 Kh8 16. Nxc6 bxc6 17. Ne5 Kg8 18. Bxf6 Bxf6 19. Nxc6 Rxd3 20. Ne7+ Qxe7 21. Rxd3 a5 22. Rcd1 Ba6 23. Qe4 Rb8 24. Rd7 Qc5 25. h3 Bc4 26. b3 Bd5 27. Qf4 Qb6 28. c4 e5 29. Qg3 Be6 30. R7d6 Qb4 31. f4 exf4 32. Qxf4 Qc3 33. Rxe6 Rxb3 34. Re8+ Kh7 35. axb3 Qc2 36. Qe4+ 1-0

[Event "45th Olympiad 2024"]
[Site "Budapest HUN"]
[Date "2024.09.20"]
[Round "9.83"]
[Board "1"]
[White "Koniahli, Malek"]
[Black "Kamara, Ansumana"]
[Result "1-0"]
[WhiteElo "2282"]
[BlackElo "1876"]
[PlyCount "55"]
[EventDate "2024.09.11"]
[WhiteTeam "Syria"]
[BlackTeam "Sierra Leone"]
[WhiteTeamCountry "SYR"]
[BlackTeamCountry "SIE"]

1. e4 c5 2. Nf3 d6 3. d4 cxd4 4. Nxd4 Nf6 5. Nc3 a6 6. Be3 e5 7. Nb3 Be6 8. f3 Be7 9. Qd2 Qc7 10. O-O-O Nbd7 11. g4 b5 12. g5 ({RR} 12. a3 Nb6 13. h4 O-O 14. h5 Nc4 15. Qf2 Nxe3 16. Qxe3 Rfc8 17. Kb1 d5 18. exd5 Bd7 19. d6 Bxd6 20. g5 Ne8 21. Bd3 Be6 22. g6 fxg6 23. hxg6 h6 24. f4 Nf6 25. f5 Bxb3 26. cxb3 b4 {1-0 Gulamirian,K (1816)-Andrews,T (2149) Titled Tue 12th Sep Early 2023 (5)}) 12... Nh5 13. Nd5 Bxd5 14. exd5 Nb6 $146 ({RR} 14... Rc8 15. Bh3 O-O 16. Rhg1 g6 17. Na5 f5 18. gxf6 Bxf6 19. Kb1 Bg7 20. Nc6 Rce8 21. Bg4 Nf4 22. h4 Nb6 23. Qa5 Nfxd5 24. Bxb6 Qxc6 25. Bf2 Rf4 26. Qd2 Nf6 27. Be3 Rc4 28. Qxd6 Rxc2 29. Qxc6 {½-½ Bowmer,K-Kreuzer,C (1949) BCF-chT3 1112 (4NCL) 2011 (11.89)}) 15. Na5 Rc8 16. Bh3 Nxd5 17. Bxc8 Nxe3 18. Bxa6 O-O 19. Qxe3 Qxa5 20. Qa7 Bxg5+ 21. Kb1 Rd8 22. Rd5 Nf4 23. Rxb5 Qd2 24. Rb8 Ne6 25. Bc4 d5 26. Rxd8+ Nxd8 27. Qd7 dxc4 28. Qe8# 1-0

[Event "45th Olympiad 2024"]
[Site "Budapest HUN"]
[Date "2024.09.20"]
[Round "9.83"]
[Board "2"]
[White "Winston Gerald, Mansfield Thomas"]
[Black "Hilwani, Talal"]
[Result "0-1"]
[WhiteElo "1950"]
[BlackElo "2264"]
[PlyCount "62"]
[EventDate "2024.09.11"]
[WhiteTeam "Sierra Leone"]
[BlackTeam "Syria"]
[WhiteTeamCountry "SIE"]
[BlackTeamCountry "SYR"]

1. d4 Nf6 2. Nf3 g6 3. c4 c5 4. d5 b5 5. cxb5 a6 6. Nc3 axb5 7. Nxb5 Ba6 8. Nc3 Bg7 9. g3 d6 10. Bg2 Nbd7 11. O-O Nb6 12. Re1 O-O 13. e4 Nc4 14. Nd2 ({RR} 14. Bf1 Nd7 15. Nd2 Nde5 16. Nxc4 Nxc4 17. Bd3 Qb6 18. Rb1 Rfb8 19. Na4 Qb4 20. Kg2 Ne5 21. Bd2 Qd4 22. Bc2 Nd3 23. Re3 Bh6 24. Rf3 Bxd2 25. Qxd2 Ne5 26. Qxd4 cxd4 27. Rb3 Bb5 28. a3 Be2 {0-1 Harika,D (2528)-Kramnik,V (2803) Douglas IoM op 2017 (7)}) 14... Ne5 15. Bf1 ({RR} 15. h3 Qb6 16. Qb3 Rfb8 17. Qxb6 Rxb6 18. Nb3 Bc4 19. Nd2 Ba6 20. Nb3 Nd3 21. Rd1 Nxc1 22. Rdxc1 Bc4 23. Nd2 Ba6 24. b3 Nd7 25. Bf1 Ne5 26. Na4 Rb4 27. Rab1 h5 28. f4 Nd7 29. Kf2 Bxf1 {1-0 Liang,J (2052)-Mayaud,R (2175) Titled Tue 2nd Jul Early 2024 (4)}) 15... Qc8 $146 ({RR} 15... Nd3 16. Bxd3 Bxd3 17. Re3 Ba6 18. Nf3 Nd7 19. Qc2 Qa5 20. Bd2 Rfb8 21. Nd1 Qb5 22. Re1 Nb6 23. Bc3 Bh6 24. b3 Nd7 25. Nb2 Nf6 26. h3 Qd7 27. Kg2 Ra7 28. Nd2 Bc8 29. Rh1 Bg7 30. Nbc4 {0-1 Glazkov,L (1948)-Konjkov,V (2004) Novosibirsk Seniors op 2010 (5)}) ({RR} 15... Qb6 16. Bxa6 Qxa6 17. a4 Nd3 18. Rf1 Rfb8 19. Qc2 Nd7 20. Ra3 Nb4 21. Qd1 Nb6 22. a5 Nc4 23. Nxc4 Qxc4 24. Ra4 Qd3 25. Bg5 Qxd1 26. Rxd1 Rb7 27. Kf1 h6 28. Be3 Nc2 29. Bc1 Rba7 30. Ke2 {0-1 Boix Pons,C (1762)-Dominguez Martinez,N (1631) Calvia Amateur op 17th 2020 (9)}) ({RR} 15... Nd3 16. Bxd3 Bxd3 17. Re3 Ba6 18. h3 Nd7 19. Nb3 Ne5 20. Qc2 Qd7 21. Kg2 Bc8 22. g4 c4 23. Nd4 Nd3 {0-1 Jeraj,Z (2210)-Velickovic,Z (2285) Casino op 1st 1993 (8)}) 16. Na4 Bxf1 17. Rxf1 Qh3 18. f3 Nfg4 19. Qe2 Rxa4 20. fxg4 Nxg4 21. Rf4 Ne5 22. b3 Rd4 23. Rh4 Qd7 24. Bb2 Rxd2 25. Qxd2 Nf3+ 26. Kf2 Nxd2 27. Bxg7 Kxg7 28. Ke3 Nxb3 29. axb3 Rb8 30. Rb1 g5 31. Rh5 Qg4 0-1

[Event "45th Olympiad 2024"]
[Site "Budapest HUN"]
[Date "2024.09.20"]
[Round "9.83"]
[Board "3"]
[White "Allatif, Kinan"]
[Black "Adeshole Beckley, Brian"]
[Result "1-0"]
[WhiteElo "1881"]
[BlackElo "1814"]
[PlyCount "63"]
[EventDate "2024.09.11"]
[WhiteTeam "Syria"]
[BlackTeam "Sierra Leone"]
[WhiteTeamCountry "SYR"]
[BlackTeamCountry "SIE"]

1. Nf3 d5 2. d4 Nf6 3. c4 c6 4. Nc3 e6 5. e3 Nbd7 6. Bd3 dxc4 7. Bxc4 b5 8. Bd3 a6 9. O-O c5 10. b3 cxd4 ({RR} 10... Bb7 11. Re1 cxd4 12. Nxd4 Bb4 13. Bb2 O-O 14. a3 Bc5 15. Bf1 Rc8 16. Rc1 Nb6 17. Nce2 Qe7 18. b4 Bd6 19. Ng3 Rxc1 20. Bxc1 Rd8 21. Bb2 Qc7 22. Qa1 Qb8 23. Rc1 Rc8 24. Nb3 Rxc1 25. Nxc1 {0-1 Kalinin,A (2442)-Afanasjev,A Geller Memorial op-A 4th 2008 (6)}) ({RR} 10... Bb7 11. dxc5 Nxc5 12. Be2 Qb6 13. Bb2 Rd8 14. Qc2 Rc8 15. Qd1 Be7 16. Rc1 O-O 17. b4 Ncd7 18. Qb3 e5 19. Rfd1 Rfd8 20. a3 h6 21. h3 Bf8 22. Rd2 e4 23. Nd4 Ne5 24. Rcd1 Nc4 25. Bxc4 {0-1 Lotz,R (1890)-Siegert,G (1891) Heusenstamm Schloss Open 2022 (3.39)}) 11. exd4 Bb7 12. Re1 Rc8 $146 ({RR} 12... Be7 13. Bb2 O-O 14. Ne5 Nb6 15. Ne4 Nxe4 16. Bxe4 Bxe4 17. Rxe4 Nd5 18. Nc6 Qd7 19. Nxe7+ Qxe7 20. Qf3 Qf6 21. Qg3 Rfc8 22. Rae1 Rc2 23. R4e2 Rxe2 24. Rxe2 Rc8 25. Rc2 Qd8 26. Rxc8 Qxc8 27. Qd6 {½-½ Stingl,R (1816)-Bauer,L (1695) Oberfranken-ch U18 1213 2013 (6)}) 13. Bb2 Bb4 14. Ne4 Bxe1 15. Nd6+ Kf8 16. Qxe1 Bxf3 17. Nxc8 Qxc8 18. gxf3 g6 19. Rc1 Qb7 20. Be4 Nxe4 21. fxe4 Kg7 22. d5+ Nf6 23. Rc6 Re8 24. Bxf6+ Kxf6 25. Qc3+ Kg5 26. Qg3+ Kh6 27. Qf4+ Kg7 28. Rc7 Qb6 29. Qxf7+ Kh6 30. Qf4+ g5 31. Qf6+ Kh5 32. Rxh7+ 1-0

[Event "45th Olympiad 2024"]
[Site "Budapest HUN"]
[Date "2024.09.20"]
[Round "9.83"]
[Board "4"]
[White "Abdul Rahman Toronka"]
[Black "Khalil, Manar"]
[Result "0-1"]
[WhiteElo "1557"]
[BlackElo "1887"]
[PlyCount "94"]
[EventDate "2024.09.11"]
[WhiteTeam "Sierra Leone"]
[BlackTeam "Syria"]
[WhiteTeamCountry "SIE"]
[BlackTeamCountry "SYR"]

1. e4 c5 2. Bc4 Nc6 3. Nf3 e6 4. Qe2 d6 ({RR} 4... Nge7 5. Bb3 g6 6. c3 Bg7 7. d3 b6 8. O-O Ba6 9. Re1 O-O 10. Na3 d5 11. exd5 Nxd5 12. Bg5 Bf6 13. Bh6 Re8 14. Rad1 b5 15. c4 Nc7 16. Be3 Qd6 17. cxb5 Nxb5 18. Nxb5 Bxb5 19. Bc4 {½-½ Rasik,V (2472)-Jirovsky,M (2526) CZE-ch Karlovy Vary 2004 (3)}) 5. Nc3 ({RR} 5. a3 g6 6. c3 Bg7 7. d3 Nge7 8. Ba2 O-O 9. Be3 e5 10. Ng5 h6 11. Nf3 Kh7 12. Nbd2 b6 13. h3 f5 14. Nf1 d5 15. Rd1 Be6 16. Bb1 Qc7 17. Bc1 c4 18. exd5 cxd3 19. Bxd3 Bxd5 {1-0 Xheladini,F (2070)-Makolli,P (2219) Pristina op 2015 (5)}) 5... Nf6 $146 ({RR} 5... Be7 6. d3 Nf6 7. Be3 a6 8. a3 b5 9. Bb3 Bb7 10. h3 b4 11. Na4 O-O 12. Ng5 h6 13. Nf3 Nd7 14. O-O Bf6 15. Rad1 Na5 16. Ba2 Bc6 17. axb4 cxb4 18. b3 Bb5 19. Qd2 Nc6 20. Rfe1 {½-½ Karwen,W (1564)-Wendt,U Mecklenburg VP LL2 0506 2005 (9.6)}) 6. a4 Be7 7. d3 O-O 8. Bg5 b6 9. Bb5 Bb7 10. O-O a6 11. Bc4 Rc8 12. Rfe1 Nd7 13. Bxe7 Qxe7 14. Nd1 Nde5 15. Nxe5 Nxe5 16. Ba2 Rfe8 17. Ne3 Ng6 18. Nc4 b5 19. axb5 axb5 20. Nd2 Ra8 21. Bb3 Bc6 22. Kh1 Qf6 23. c3 Nf4 24. Qf3 Qg5 25. g3 Ng6 26. Qe3 Qxe3 27. fxe3 Ne5 28. Bc2 Ng4 29. Nf1 f5 30. Kg1 fxe4 31. dxe4 Rf8 32. h3 Nf2 33. h4 Bxe4 34. Bxe4 Nxe4 35. Rxa8 Rxa8 36. Re2 Ra1 37. Rg2 h5 38. b4 Nxc3 39. bxc5 dxc5 40. g4 Nd5 41. gxh5 Nxe3 42. Rf2 Rxf1+ 43. Rxf1 Nxf1 44. Kxf1 b4 45. Ke2 e5 46. Kd3 Kh7 47. Kc4 Kh6 0-1

[Event "45th Olympiad 2024"]
[Site "Budapest HUN"]
[Date "2024.09.20"]
[Round "9.84"]
[Board "1"]
[White "Misambo .J. KIlasa"]
[Black "Van Bemmelen, Ursus"]
[Result "1/2-1/2"]
[WhiteElo "1959"]
[BlackElo "2146"]
[PlyCount "90"]
[EventDate "2024.09.11"]
[WhiteTeam "Tanzania"]
[BlackTeam "Netherlands Antilles"]
[WhiteTeamCountry "TAN"]
[BlackTeamCountry "AHO"]

1. d4 Nf6 2. c4 e6 3. Bg5 d5 4. Nc3 Be7 5. e3 Nbd7 6. Nf3 O-O 7. a3 h6 8. Bh4 Ne4 9. Bxe7 Qxe7 10. Qc2 Nxc3 11. bxc3 dxc4 $146 ({RR} 11... c6 12. cxd5 exd5 13. c4 Nf6 14. h3 Qc7 15. Bd3 dxc4 16. Bxc4 Qa5+ 17. Qd2 Qa4 18. Qb4 Qxb4+ 19. axb4 Re8 20. O-O Be6 21. Bd3 Nd7 22. Rfc1 a6 23. Rc3 Nb6 24. Rca3 Rad8 25. Be2 f6 26. Nd2 {½-½ Den Bok,D (1493)-Florea,A (2117) CAN-ch U18 Ottawa 2013 (5)}) 12. Bxc4 Re8 13. O-O e5 14. Rfb1 e4 15. Nd2 Nb6 16. Be2 Bf5 17. Rb5 Bg6 18. a4 c6 19. Rb3 f5 20. a5 Nd5 21. c4 Nb4 22. Qb2 c5 23. dxc5 Na6 24. Rxb7 Qf8 25. c6 Nc5 26. a6 Rec8 27. Qb5 Qd6 28. Qb2 Bf7 29. Nb3 Nxb3 30. Qxb3 Qxc6 31. Rd1 Bxc4 32. Bxc4+ Qxc4 33. Rd8+ Kh7 34. Rxc8 Qxb3 35. Rxb3 Rxc8 36. h4 Rc1+ 37. Kh2 Ra1 38. Rb5 Kg6 39. Kg3 Rxa6 40. Kf4 Ra2 41. h5+ Kxh5 42. Rxf5+ Kg6 43. Kg4 h5+ 44. Rxh5 Rxf2 45. Ra5 Rxg2+ 1/2-1/2

[Event "45th Olympiad 2024"]
[Site "Budapest HUN"]
[Date "2024.09.20"]
[Round "9.84"]
[Board "2"]
[White "Capella, Rurik"]
[Black "Veer Gandhi"]
[Result "1/2-1/2"]
[WhiteElo "1971"]
[BlackElo "1792"]
[PlyCount "63"]
[EventDate "2024.09.11"]
[WhiteTeam "Netherlands Antilles"]
[BlackTeam "Tanzania"]
[WhiteTeamCountry "AHO"]
[BlackTeamCountry "TAN"]

1. e4 c6 2. d4 d5 3. f3 Qb6 4. Nc3 dxe4 5. fxe4 e5 6. Nf3 exd4 7. Qxd4 Qxd4 8. Nxd4 g6 ({RR} 8... Bc5 9. Nf5 g6 10. Be3 Bxe3 11. Nxe3 Be6 12. Nc4 Bxc4 13. Bxc4 Nd7 14. O-O Ne5 15. Bb3 Rd8 16. Rf2 Ne7 17. Raf1 Rf8 18. Ne2 Nc8 19. Nf4 Ng4 20. Rf3 Ne5 21. R3f2 Ng4 22. Rf3 Ne5 23. Rh3 {½-½ Benjamin,J (2575)-Kacheishvili,G (2606) USA tt sf ICC INT 2009 (1)}) ({RR} 8... Bc5 9. Be3 Ne7 10. O-O-O O-O 11. Nf5 Bxe3+ 12. Nxe3 Be6 13. Bc4 b5 14. Bxe6 fxe6 15. Rd6 e5 16. Re6 Ng6 17. Nf5 Rc8 18. Rxg6 hxg6 19. Ne7+ Kf7 20. Nxc8 Ke6 21. Rd1 {1-0 Bueno,A (2155)-Alarcon Bahamondes,R (2335) Titled Tue 27th Feb Late 2024 (9)}) 9. Bc4 Bg7 10. Be3 Nh6 $146 ({RR} 10... Nd7 11. Nf3 Ngf6 12. h3 O-O 13. O-O-O b5 14. Bd3 Re8 15. Nd2 Bb7 16. Rde1 a6 17. a4 Rad8 18. Bg5 h6 19. Bxf6 Bxf6 20. Nf3 Bxc3 21. bxc3 Nc5 22. axb5 cxb5 23. Nd2 Nxd3+ 24. cxd3 Rxd3 25. Kc2 {0-1 Vilagos,N (2106)-Petrovic,M (1922) Senta op 21st 2017 (5)}) 11. h3 Nd7 12. a4 Ne5 13. Bb3 Ke7 14. Nde2 f6 15. Bc5+ Ke8 16. a5 Bf8 17. Be3 Nhf7 18. O-O Be7 19. Nd4 Kf8 20. Nce2 Kg7 21. Nf4 Nd8 22. Rad1 c5 23. Nde6+ Nxe6 24. Nxe6+ Bxe6 25. Bxe6 Rad8 26. Bd5 b6 27. axb6 axb6 28. c4 Bd6 29. Ra1 Rd7 30. Ra6 Rb8 31. Rfa1 g5 32. Ra7 1/2-1/2

[Event "45th Olympiad 2024"]
[Site "Budapest HUN"]
[Date "2024.09.20"]
[Round "9.84"]
[Board "3"]
[White "Hassuji, Nurdin"]
[Black "Van Opstal, Rurik"]
[Result "0-1"]
[WhiteElo "1847"]
[BlackElo "2006"]
[PlyCount "52"]
[EventDate "2024.09.11"]
[WhiteTeam "Tanzania"]
[BlackTeam "Netherlands Antilles"]
[WhiteTeamCountry "TAN"]
[BlackTeamCountry "AHO"]

1. e4 c5 2. Nf3 d6 3. d4 cxd4 4. Nxd4 Nf6 5. Nc3 g6 6. Be3 Bg7 7. f3 O-O 8. Qd2 Nc6 9. O-O-O d5 10. exd5 Nxd5 11. Nxc6 bxc6 12. Bd4 e5 13. Bc5 Re8 14. Ne4 Qc7 15. g4 ({RR} 15. Bc4 Be6 16. Kb1 Rad8 17. Bb3 f5 18. Ng3 a5 19. Qf2 Qf7 20. Rhe1 Qf6 21. Ne2 Rd7 22. Ba4 Rc8 23. Nc1 e4 24. Bd4 e3 25. Qf1 Qd8 26. Nb3 Bxd4 27. Nxd4 Qb6 28. Bb3 Bf7 29. f4 a4 {0-1 Aronian,L (2782)-Erigaisi,A (2627) Tata Steel India Blitz 2021 (14)}) ({RR} 15. h4 f5 16. Nd6 Rd8 17. Nxc8 Raxc8 18. Bc4 h5 19. Kb1 Kh7 20. Bb3 e4 21. Bd4 e3 22. Qe2 f4 23. Bxg7 Kxg7 24. c3 Qe5 25. Rd4 Rb8 26. Rhd1 Qf6 27. g3 fxg3 28. Bxd5 cxd5 29. Qxe3 Re8 {½-½ Ahmed,F (2061)-Van Opstal,R (2006) 45th Olympiad 2024 (3.53)}) 15... Be6 ({RR} 15... f5 16. gxf5 gxf5 17. Ng3 Qf7 18. Rg1 Kh8 19. Bc4 Be6 20. Bb3 a5 21. Ba4 Rec8 22. Qe1 Rab8 23. b3 Nb6 24. Qxa5 Nxa4 25. Qxa4 Bd5 26. Qh4 Bxf3 27. Rdf1 e4 28. Nxf5 Be5 29. Nd6 Qd5 30. Nxc8 {1-0 Mrndjic,M (2227)-Mesic,I (2252) 22nd Premier League BIH 2024 (7.5)}) 16. h4 Red8 17. Qe1 h6 $146 ({RR} 17... Rab8 18. h5 Qb7 19. b3 Nf4 20. Rxd8+ Rxd8 21. Qh4 Qd7 22. hxg6 h6 23. Nf6+ Kh8 24. Qg5 Nd3+ 25. Bxd3 {1-0 De Lellis,P (1504)-Rocco,M (1748) Wohlen op 3rd 2022 (5)}) 18. Bd3 Nf4 19. Kb1 Rab8 20. g5 Qb7 21. b3 Nxd3 22. Rxd3 Rxd3 23. cxd3 Bxb3 24. axb3 Qxb3+ 25. Kc1 Qxd3 26. Nc3 e4 0-1

[Event "45th Olympiad 2024"]
[Site "Budapest HUN"]
[Date "2024.09.20"]
[Round "9.84"]
[Board "4"]
[White "Van Delden, Johan"]
[Black "Lusako, Shedrack"]
[Result "1-0"]
[WhiteElo "1909"]
[BlackElo "1760"]
[PlyCount "45"]
[EventDate "2024.09.11"]
[WhiteTeam "Netherlands Antilles"]
[BlackTeam "Tanzania"]
[WhiteTeamCountry "AHO"]
[BlackTeamCountry "TAN"]

1. e4 e5 2. Nf3 Nc6 3. Bb5 Bc5 4. O-O Nge7 5. c3 a6 6. Ba4 b5 7. Bb3 d6 8. Ng5 d5 9. exd5 Nxd5 10. Nxf7 Kxf7 11. Qf3+ Ke6 12. d4 Bxd4 13. Bg5 $146 ({RR} 13. cxd4 Nxd4 14. Qg4+ Kf7 15. Qh5+ Ke6 16. Re1 Qf6 17. Bxd5+ Kxd5 18. Nc3+ Kc6 19. Rxe5 Rf8 20. Rc5+ Kb7 21. Be3 g6 22. Qd5+ Nc6 23. Rxb5+ axb5 24. Qxb5# {1-0 Norte Garcia,A (1920)-Martin Dinares,S (1507) Catalunya-ch (Women) 69th 2011 (1)}) 13... Qd6 14. Qh3+ Kf7 15. Qf3+ Ke6 16. Nd2 Rf8 17. Bxd5+ Qxd5 18. Qxf8 Bb7 19. Qxg7 Bb6 20. Nf3 e4 21. Qf6+ Kd7 22. Rad1 Nd4 23. Ne5+ 1-0

[Event "45th Olympiad 2024"]
[Site "Budapest HUN"]
[Date "2024.09.20"]
[Round "9.85"]
[Board "1"]
[White "Morazo, John Ranel"]
[Black "Moncur, Cecil"]
[Result "1-0"]
[WhiteElo "2200"]
[BlackElo "1839"]
[PlyCount "79"]
[EventDate "2024.09.11"]
[WhiteTeam "Palau"]
[BlackTeam "Bahamas"]
[WhiteTeamCountry "PAL"]
[BlackTeamCountry "BAH"]

1. d4 g6 2. c4 Bg7 3. Nc3 d6 4. e4 Nc6 5. Be3 e5 6. d5 Nce7 7. g4 f5 8. gxf5 gxf5 9. Nf3 ({RR} 9. Bh3 Nf6 10. Bg5 O-O 11. Nge2 fxe4 12. Bxc8 Qxc8 13. Rg1 Qf5 14. Qd2 Ng6 15. Ng3 Qf3 16. Bxf6 Rxf6 17. Ncxe4 Rf4 18. Qe2 Nh4 19. Rd1 Raf8 20. Rd3 Qxe2+ 21. Kxe2 Nf3 22. Rg2 Nh4 23. Rg1 Kh8 {0-1 Svidler,P (2694)-Nakamura,H (2736) Speed Chess Chess.com INT blitz 2021 (1.32)}) ({RR} 9. exf5 Bxf5 10. Nf3 Nf6 11. Nh4 Bg4 12. Be2 Qd7 13. Bxg4 Qxg4 14. Qxg4 Nxg4 15. Rg1 Nxe3 16. fxe3 Bf6 17. Nf3 Kd7 18. Ne4 Raf8 19. Ke2 Nf5 20. Raf1 Bd8 21. Nfg5 Bxg5 22. Rxg5 Ne7 23. Nf6+ Kc8 {1-0 Agibileg,U (2441)-Romero Ruscalleda,J (2160) Titled Tue 18th Jul Early 2023 (4)}) 9... Nf6 10. Rg1 Rg8 $146 ({RR} 10... Kf8 11. Qc2 f4 12. Bd2 Ng6 13. O-O-O a6 14. Be2 Bh6 15. Kb1 Bd7 16. Rc1 b6 17. Ne1 Rg8 18. Nd3 Kf7 19. Nb4 a5 20. Nc6 Qe8 21. c5 bxc5 22. Nb5 Qc8 23. f3 Qb7 24. a4 Qb6 25. Qb3 {1-0 Gupta,M (2250)-Freundlieb,T Oberliga NRW 9495 I 1994 (1.6)}) 11. Bd3 f4 12. Bd2 Bh6 13. Rxg8+ Nexg8 14. c5 a6 15. Qa4+ Ke7 16. O-O-O Bg4 17. Be2 b6 18. cxd6+ cxd6 19. Rg1 Bxf3 20. Bxf3 b5 21. Qd1 Rc8 22. Kb1 Qb6 23. Qf1 Qc7 24. Qh3 Qd7 25. Qh4 Kf7 26. Bg2 Qe7 27. Bh3 Rf8 28. f3 Ke8 29. Be6 Kd8 30. Nxb5 axb5 31. Ba5+ Ke8 32. Rc1 Qa7 33. Rc8+ Ke7 34. Rc7+ Qxc7 35. Bxc7 Bg7 36. Qg5 Bh8 37. Qg1 Nh6 38. Qa7 Nf7 39. Bxd6+ Kxd6 40. Qa3+ 1-0